| 000 | 00628nam a2200181Ia 4500 | ||
|---|---|---|---|
| 003 | IN-BaIIA | ||
| 008 | 211028s9999 xx 000 0 eng d | ||
| 040 | _cIIA Library | ||
| 080 |
_a83.7 _bISI |
||
| 110 | _aIndian Standards Institution | ||
| 245 | 0 |
_aExplanatory Handbook on Indian Standard Code of PLractice for Plain and Reinforced Concrete : Is : 456-1978 _cIndian Standards Institution |
|
| 260 |
_aNew Delhi _bIndian Standards Institution _c1984 |
||
| 300 | _axviii, 64p. | ||
| 650 | _aNASA Thesaurus | ||
| 650 |
_aReinforced Concretes _914815 |
||
| 650 |
_aStandards _98876 |
||
| 942 | _cBK | ||
| 999 |
_c8808 _d8808 |
||